| 000 | 01393cam a22002174a 4500 | ||
|---|---|---|---|
| 005 | 20250605164330.0 | ||
| 008 | 250528s ||||||||||||||||||||||||d | ||
| 035 | _a23192 | ||
| 020 | _a9780123852045 | ||
| 040 |
_aGR-AtMCL _bgre _dGR-AtMCL _eAACR2 |
||
| 245 | 1 | _aMetal Fatigue Analysis Handbook | |
| 260 |
_bElsevier - Butterworth Heinemann, _c2012 |
||
| 300 | _a586 | ||
| 520 | _aThis book presents state - of - the art fatigue theories and technologies alongside more commonly used practices, with working examples included to provide an informative, practical, complete toolkit for fatigue analysis. Preface, Acknowledgements, Road Load Analysis in Automotive Engineering, Pseudo Stress Analysis Techniques, Rain-flow Cycle Counting Techniques, Stress - Based Uniaxial Fatigue Analysis, Stress - Based Multiaxial Fatigue Analysis, Strain - Based Uniaxial Fatigue Analysis, Fundamentals of Cyclic Plasticity Theoresm Strain - Based Multiaxial Fatigue Analysis, Vibration Fatigue Testing and Analysis, Fatigue Life Prediction Methods of Seam - Welded Joints, Fatigue Life Prediction Methods of Resistance Spot - Welded Joints, Design and Analysis of Metric Bolted Joined - VDI Guideline and Finite Element Analysis, Index. | ||
| 700 | 1 |
_aBarkey Mark E. _98772 |
|
| 700 | 1 |
_aKang Hong-Tae _98773 |
|
| 700 | 1 |
_aLee Yung-Li _98774 |
|
| 942 | _cBK | ||
| 999 |
_c8222 _d8222 |
||